000 01598nam0a2200361 4500
001 RU\NLR\BIBL_A\022758481
005 20260426080740.0
010 _a978-5-389-29938-2
_92000
021 _aRU
_bКН-П-26-005396
_9КН-П-26-0526
035 _a(NLR Aleph) 022758481
090 _a13697092
_c13697092
100 _a20260318d2026 e y0rusy50 ca
101 1 _arus
_cita
102 _aRU
105 _aa f 000zy
181 0 _ab3
_bxb2e
181 0 _ai2
_baxxe
182 0 _an
200 1 _aМонстры морей и океанов
_eэнциклопедия подводных чудовищ
_e[для старшего школьного возраста]
_fЭнрико Лаваньо, Анджело Мойетта
_gперевод с итальянского языка: Мария Челинцева
_gиллюстрации Là Studio
203 _aИзображение
_aТекст
_bвизуальные
_cнепосредственные
210 _aМосква
_cАзбука, Махаон
_d2026 (печ. 2025)
215 _a71 с.
_cцв. ил.
_d33
225 1 _aСерия "Энциклопедия тайн и волшебства"
333 _a6+
606 1 _aМорские животные
_jЭнциклопедии для детей
_91410705
_3RU\NLR\AUTH\66282668
686 0 _aШ9
_bЕ6
700 1 _aЛаваньо
_bЭ.
_gЭнрико
701 1 _aМойетта
_bА.
_gАнджело
942 _cBOOK
980 _aNB